| 000 | 01449nam a2200409 i 4500 | ||
|---|---|---|---|
| 001 | 51436 | ||
| 003 | KOSZ 005 | ||
| 005 | 20221014115249.0 | ||
| 008 | 981010s1998 pl f |000 0 pol d | ||
| 020 | _a839070062X | ||
| 040 |
_cKOSZ 005 _aKOSZ 005 _dKOSZ 005/HR |
||
| 041 | 0 | _apol | |
| 046 | _k1998 | ||
| 080 | _a629.33 | ||
| 080 | _a621.7 | ||
| 080 | _a621.9 | ||
| 080 | _a(075.3.053.7) | ||
| 245 | 1 | 9 |
_aMechanik pojazdów samochodowych : _btechniczne podstawy zawodu : praca zbiorowa. _nCz. 1, _pTechnologia ogólna / _cpod red. Kazimierza Tokarza ; oprac. zespół Jan Kałwak et al. |
| 250 | _aWyd. 2. | ||
| 260 |
_aWrocław : _bVogel, _c1998. |
||
| 300 |
_a208 s. : _bfot. (w tym kolor.), rys., wykr. ; _c24 cm. |
||
| 336 |
_2rdacontent _aTekst _btxt |
||
| 337 |
_2rdamedia _aBez urządzenia pośredniczącego _bn |
||
| 338 |
_2rdacarrier _aWolumin _bnc |
||
| 380 | _aKsiążki | ||
| 388 | _a1901-2000 | ||
| 388 | _a1989-2000 | ||
| 521 | _aDo nauczania w zawodzie mechanik pojazdów samochodowych na poziomie szkoły zasadniczej. | ||
| 650 | 7 | _aSamochody | |
| 650 | 7 | _aTechnologia | |
| 655 | _aPodręczniki dla szkół zawodowych | ||
| 658 | _aInżynieria i technika | ||
| 700 | 1 |
_aTokarz, Kazimierz _d(1949-2008) _eRedakcja |
|
| 700 | 1 |
_aKałwak, Jan _eAutor |
|
| 856 |
_uhttp://koha.tu.koszalin.pl/cgi-bin/koha/opac-detail.pl?biblionumber=51436 _yKatalog online BPK |
||
| 942 |
_cKS _2UKD |
||
| 999 |
_c51436 _d51436 |
||